Missing Word: 'House' Movies Quiz Stats

 Plays Quiz Updated Aug 3, 2015

Challenge
Share
Tweet
Embed
Score 0/20 Timer 04:00
0 Plays Today
Movie Title Missing Word % Correct
The _______ House RulesThe Cider House Rules
88.6%
_______ HouseAnimal House
83.6%
House at the End of the ________House at the End of the Street
82.8%
House on Haunted _______House on Haunted Hill
80%
_______ HouseRoad House
78%
Big _______ HouseBig Momma's House
71%
_______ House DownWhite House Down
70.6%
The Last House on the _______The Last House on the Left
64.3%
________ Down the HouseBringing Down the House
62%
House of ______ and FogHouse of Sand and Fog
56.6%
Movie Title Missing Word % Correct
The House _______The House Bunny
48.4%
The ______ HouseThe Lake House
35.7%
House of 1000 _______House of 1000 Corpses
34.8%
House of ________House of Wax
30.6%
_______ HouseSafe House
29.1%
A _______ HouseA Haunted House
28.1%
_______ as a HouseLife as a House
24.6%
_______ HouseDream House
10%
_______ HouseMonster House
8.3%
House of _______House of Games
7.5%

Today's Daily Dose

Missing Word
TV HA - HZ

Word Ladder
Nordic Capital

On This Day
January 19th II

You're not logged in!

Compare scores with friends on all Sporcle quizzes.
OR
Log In

You Might Also Like...

Show Comments

Extras

Top Quizzes Today


Score Distribution

Your Account Isn't Verified!

In order to create a playlist on Sporcle, you need to verify the email address you used during registration. Go to your Sporcle Settings to finish the process.

Report this User

Report this user for behavior that violates our Community Guidelines.

Details: